| 000 | 01216nam a2200277 a 4500 | ||
|---|---|---|---|
| 001 | BRCA_4448 | ||
| 005 | 20190320204656.0 | ||
| 008 | 790405s1967----sp-a######---#000-1#spa-# | ||
| 041 | _aspa | ||
| 044 | _asp | ||
| 050 | 4 |
_aPQ6323 _b.C47 1967 |
|
| 100 | 1 |
_aCervantes Saavedra, Miguel de _d1547-1616 _9213 |
|
| 245 | 1 | 0 | _aEl Ingenioso Hidalgo Don Quijote de la Mancha. |
| 260 |
_aValencia _bCastilla : Alfredo Ortells Ferriz _c1967 |
||
| 300 |
_acxi, 1986 p. _bil. (algunas a color) _c19 cm. |
||
| 500 | _aEdición IV centenario adornada con 356 grabados de Gustavo Doré, enteramente comentada por Clemencín y precedida de un estudio crítico de Luis Astrana Marín, más un índice resumen de los ilustradores y comentadores del Quijote por Justo García Morales | ||
| 500 | _aDonación del Sr. Jorge Antonio Acosta | ||
| 650 | 1 | 4 |
_aNovela española _yÉpoca clásica, 1500-1700 _9215 |
| 650 | 1 | 4 |
_aLiteratura española _yÉpoca clásica, 1500-1700 _9216 |
| 650 | 1 | 4 |
_aNovela española _ySiglo XVII _9217 |
| 650 | 1 | 4 |
_aDon Quijote (Personaje ficticio) _eNovela _9218 |
| 700 | 1 |
_aClemencín, Diego _d1765-1834 _911272 |
|
| 700 | 1 |
_aDoré, Gustavo _d1832-1883 _eIlustrador _911273 |
|
| 902 | _aQAG | ||
| 942 |
_2lcc _cB |
||
| 999 |
_c4157 _d4157 |
||